[Event "Osorno U2200 op"]
[Site "Osorno"]
[Date "2018.05.06"]
[Round "4.2"]
[White "Baez, Alexis"]
[Black "Vera Soto, Sergio Hernan"]
[Result "0-1"]
[WhiteElo "1829"]
[BlackElo "2074"]
[PlyCount "86"]
[EventDate "2018.05.05"]
[EventType "swiss"]
[EventRounds "6"]
[EventCountry "CHI"]
[SourceTitle "EXT 2024"]
[Source "ChessBase"]
[SourceDate "2023.10.10"]
[SourceVersion "1"]
[SourceVersionDate "2023.10.10"]
[SourceQuality "1"]

1. c4 c6 2. e4 d5 3. exd5 cxd5 4. d4 Nf6 5. Nc3 Nc6 6. Nf3 Bg4 7. Be2 e6 8. Be3 dxc4 9. Bxc4 a6 10. Be2 Be7 11. Qb3 Na5 12. Qc2 0-0 13. Rd1 Rc8 14. Ne5 Bxe2 15. Qxe2 Nd5 16. Bd2 Nc6 17. Nf3 Bf6 18. Be3 Nxc3 19. bxc3 Na5 20. Rc1 Qd5 21. 0-0 Rc6 22. Rc2 Rfc8 23. Rfc1 b5 24. Nd2 Be7 25. Nb1 Nc4 26. Bd2 Qf5 27. g4 Qd5 28. f3 h5 29. h3 hxg4 30. hxg4 e5 31. Qe4 Qxe4 32. fxe4 exd4 33. cxd4 Rg6 34. Kf2 Rxg4 35. Kf3 Rh4 36. Bf4 Rc6 37. Nc3 Rg6 38. e5 Bg5 39. Nd5 Bxf4 40. Nxf4 Rg5 41. a4 Rf5 42. axb5 Rhxf4+ 43. Ke2 axb5 0-1

[Event "Osorno U2200 op"]
[Site "Osorno"]
[Date "2018.05.05"]
[Round "3.1"]
[White "Vera Soto, Sergio Hernan"]
[Black "Ricouz Ricouz, Patricio"]
[Result "1/2-1/2"]
[WhiteElo "2074"]
[BlackElo "1830"]
[PlyCount "64"]
[EventDate "2018.05.05"]
[EventType "swiss"]
[EventRounds "6"]
[EventCountry "CHI"]
[SourceTitle "EXT 2024"]
[Source "ChessBase"]
[SourceDate "2023.10.10"]
[SourceVersion "1"]
[SourceVersionDate "2023.10.10"]
[SourceQuality "1"]

1. Nf3 f5 2. c4 Nf6 3. Nc3 e6 4. g3 d5 5. d3 d4 6. Nb5 Bb4+ 7. Bd2 Bxd2+ 8. Qxd2 c5 9. Bg2 a6 10. Na3 Nc6 11. 0-0 0-0 12. e3 e5 13. exd4 exd4 14. Rfe1 Bd7 15. Nc2 Qc7 16. b4 b6 17. a4 Rae8 18. a5 Rxe1+ 19. Nfxe1 Nb8 20. axb6 Qxb6 21. Ra5 Rc8 22. h3 h6 23. Nf3 Nc6 24. Rxc5 Rb8 25. Ne5 Nxb4 26. Qxb4 Qxb4 27. Nxb4 Rxb4 28. Nxd7 Rb1+ 29. Kh2 Nxd7 30. Rxf5 Rb2 31. Rd5 Nf6 32. Rd8+ Kf7 1/2-1/2

[Event "CHI-ch 04"]
[Site "Santiago de Chile"]
[Date "2005.01.07"]
[Round "8"]
[White "Lopez Silva, Hugo Andres"]
[Black "Vera Soto, Sergio Hernan"]
[Result "1-0"]
[WhiteElo "2386"]
[BlackElo "2171"]
[PlyCount "111"]
[EventDate "2005.01.04"]
[EventType "tourn"]
[EventRounds "11"]
[EventCountry "CHI"]
[EventCategory "2"]
[SourceTitle "CBM 104 Extra"]
[Source "ChessBase"]
[SourceDate "2005.03.01"]
[SourceVersion "1"]
[SourceVersionDate "2005.03.01"]
[SourceQuality "1"]

1. e4 c5 2. c4 Nc6 3. Ne2 g6 4. d4 cxd4 5. Nxd4 Nf6 6. Nc3 d6 7. Nc2 Bg7 8. Be2 0-0 9. Be3 Bd7 10. 0-0 Ne5 11. f3 Qc7 12. b3 Rfc8 13. Rc1 Qd8 14. Qd2 Qf8 15. Rfd1 h5 16. h3 Bc6 17. Nb4 Be8 18. Nbd5 Nxd5 19. Nxd5 Bc6 20. c5 e6 21. Nb4 dxc5 22. Bxc5 Qe8 23. Bd4 Qf8 24. Bc5 Qe8 25. Be3 Rd8 26. Qe1 a5 27. Nxc6 Nxc6 28. Bb5 Rdc8 29. Rc4 Qf8 30. Rdc1 Qd6 31. Bxc6 Rxc6 32. Rxc6 bxc6 33. Qd2 Qc7 34. Qc2 Ra6 35. Qc4 Qb7 36. Rd1 Bf6 37. Rc1 Bg7 38. a4 Kh7 39. Kf1 Bh6 40. Bxh6 Kxh6 41. Qc3 Kh7 42. Rd1 Ra8 43. Rd6 Qa6+ 44. Kg1 Rc8 45. Rd7 Kg8 46. Kh2 Qb6 47. Kg3 Qb8+ 48. f4 Qb6 49. Qf6 Rf8 50. Kh4 Qc5 51. e5 Qc2 52. Kg5 Qf5+ 53. Qxf5 exf5 54. Kf6 c5 55. Ke7 Kg7 56. Rd8 1-0

[Event "CHI-ch 04"]
[Site "Santiago de Chile"]
[Date "2005.01.06"]
[Round "6"]
[White "Rios Escobar, Adan"]
[Black "Vera Soto, Sergio Hernan"]
[Result "1-0"]
[WhiteElo "2235"]
[BlackElo "2171"]
[PlyCount "81"]
[EventDate "2005.01.04"]
[EventType "tourn"]
[EventRounds "11"]
[EventCountry "CHI"]
[EventCategory "2"]
[SourceTitle "CBM 104 Extra"]
[Source "ChessBase"]
[SourceDate "2005.03.01"]
[SourceVersion "1"]
[SourceVersionDate "2005.03.01"]
[SourceQuality "1"]

1. e4 c5 2. Nf3 Nc6 3. d4 cxd4 4. Nxd4 Nf6 5. Nc3 d6 6. Bg5 e6 7. Qd2 a6 8. 0-0-0 h6 9. Bf4 Bd7 10. Bg3 Nxd4 11. Qxd4 Bc6 12. Be2 Be7 13. Kb1 b5 14. Bf3 e5 15. Qe3 b4 16. Nd5 Bxd5 17. exd5 Nd7 18. Be2 0-0 19. f4 exf4 20. Bxf4 Bg5 21. g3 Re8 22. Qf3 Nb6 23. Rd4 Bf6 24. Rxb4 a5 25. Rb5 Na4 26. Bd2 Qe7 27. Bd3 Rab8 28. c3 Qd7 29. Rb3 Nc5 30. Rxb8 Rxb8 31. Bc2 Qb5 32. Bc1 Bg5 33. b3 a4 34. b4 Bxc1 35. Kxc1 Nd7 36. Qd3 Qb6 37. Re1 Ne5 38. Qh7+ Kf8 39. Qh8+ Ke7 40. Qxg7 Rc8 41. Qxh6 1-0

[Event "CHI-ch 04"]
[Site "Santiago de Chile"]
[Date "2005.01.06"]
[Round "5"]
[White "Vera Soto, Sergio Hernan"]
[Black "Arancibia Guzman, Eduardo"]
[Result "0-1"]
[WhiteElo "2171"]
[BlackElo "2364"]
[PlyCount "80"]
[EventDate "2005.01.04"]
[EventType "tourn"]
[EventRounds "11"]
[EventCountry "CHI"]
[EventCategory "2"]
[SourceTitle "CBM 104 Extra"]
[Source "ChessBase"]
[SourceDate "2005.03.01"]
[SourceVersion "1"]
[SourceVersionDate "2005.03.01"]
[SourceQuality "1"]

1. Nf3 c5 2. c4 b6 3. g3 Bb7 4. Bg2 Nf6 5. Nc3 d6 6. 0-0 e6 7. d4 cxd4 8. Qxd4 a6 9. b3 Be7 10. Ba3 Nc6 11. Qd2 0-0 12. e4 Qb8 13. Rad1 Rd8 14. Qe3 b5 15. e5 Ng4 16. Qf4 Ncxe5 17. Ne4 Nxf3+ 18. Qxf3 Ne5 19. Nf6+ gxf6 20. Qxb7 Qxb7 21. Bxb7 Ra7 22. Bg2 bxc4 23. f4 Ng4 24. Rf3 cxb3 25. Rxb3 d5 26. h3 Bxa3 27. Rxa3 Nh6 28. g4 Kg7 29. Ra5 Ng8 30. Rb1 Rd6 31. Kf2 Rc6 32. Ke3 Ne7 33. Bf1 Nc8 34. Rb8 Nd6 35. Kd4 Nc4 36. Ra4 Rd7 37. Be2 e5+ 38. Kd3 exf4 39. Kd4 Ne5 40. Bf1 Rc1 0-1

[Event "CHI-ch 04"]
[Site "Santiago de Chile"]
[Date "2005.01.05"]
[Round "3"]
[White "Vera Soto, Sergio Hernan"]
[Black "Sepulveda Rojas, Jorge Moises"]
[Result "1-0"]
[WhiteElo "2171"]
[BlackElo "2270"]
[PlyCount "91"]
[EventDate "2005.01.04"]
[EventType "tourn"]
[EventRounds "11"]
[EventCountry "CHI"]
[EventCategory "2"]
[SourceTitle "CBM 104 Extra"]
[Source "ChessBase"]
[SourceDate "2005.03.01"]
[SourceVersion "1"]
[SourceVersionDate "2005.03.01"]
[SourceQuality "1"]

1. Nf3 Nf6 2. c4 c5 3. Nc3 Nc6 4. d4 cxd4 5. Nxd4 e6 6. Ndb5 d6 7. Bf4 e5 8. Bg5 a6 9. Na3 Be6 10. g3 Be7 11. Bg2 h6 12. Bc1 0-0 13. 0-0 Re8 14. b3 Bf8 15. Nc2 Qa5 16. Bd2 Qc7 17. Rc1 Qd7 18. Ne3 Bh3 19. Ned5 Nxd5 20. Nxd5 Bxg2 21. Kxg2 Rad8 22. Bxh6 Qf5 23. Be3 g5 24. Qc2 e4 25. f3 Bg7 26. fxe4 Qxe4+ 27. Qxe4 Rxe4 28. Bxg5 Rxe2+ 29. Rf2 Rde8 30. Nf6+ Bxf6 31. Bxf6 Nb4 32. Rd1 R8e6 33. Rxe2 Rxe2+ 34. Kf3 Rxa2 35. Rxd6 Ra3 36. Rb6 Rxb3+ 37. Kg4 a5 38. Rxb7 Kh7 39. Kh5 Rf3 40. Rxf7+ Kg8 41. Kg6 Nd3 42. Rg7+ Kf8 43. Rd7 Re3 44. Rd8+ Re8 45. Rxd3 a4 46. Rd7 1-0

[Event "CHI-ch 04"]
[Site "Santiago de Chile"]
[Date "2005.01.04"]
[Round "1"]
[White "Vera Soto, Sergio Hernan"]
[Black "Lenoir Ibacache, Gabriel Alberto"]
[Result "0-1"]
[WhiteElo "2171"]
[BlackElo "2202"]
[PlyCount "70"]
[EventDate "2005.01.04"]
[EventType "tourn"]
[EventRounds "11"]
[EventCountry "CHI"]
[EventCategory "2"]
[SourceTitle "CBM 104 Extra"]
[Source "ChessBase"]
[SourceDate "2005.03.01"]
[SourceVersion "1"]
[SourceVersionDate "2005.03.01"]
[SourceQuality "1"]

1. Nf3 Nf6 2. c4 g6 3. Nc3 Bg7 4. e4 d6 5. Be2 0-0 6. 0-0 e5 7. d4 Nbd7 8. Re1 Re8 9. d5 Nc5 10. Bf1 a5 11. b3 h6 12. Nd2 Nh5 13. g3 f5 14. a3 Nf6 15. Ra2 Rf8 16. Rb2 f4 17. b4 axb4 18. axb4 fxg3 19. hxg3 Ncd7 20. Nb3 Ne8 21. c5 Ndf6 22. Na5 dxc5 23. Ra2 cxb4 24. Nc6 bxc6 25. Rxa8 bxc3 26. Ba3 Nd6 27. dxc6 Qe7 28. Qb3+ Be6 29. Rxf8+ Bxf8 30. Qxc3 Nfxe4 31. Qxe5 Qf7 32. Qd4 Ng5 33. Bg2 Nb5 34. Qe3 Nxa3 35. f4 Nc2 0-1

[Event "Jose Cabezas Memorial"]
[Site "Santiago de Chile"]
[Date "2004.10.09"]
[Round "3"]
[White "Frey Perez, Hugo"]
[Black "Vera Soto, Sergio Hernan"]
[Result "1-0"]
[WhiteElo "2335"]
[BlackElo "2160"]
[PlyCount "100"]
[EventDate "2004.10.09"]
[EventType "swiss"]
[EventRounds "3"]
[EventCountry "CHI"]
[SourceTitle "CBM 103 Extra"]
[Source "ChessBase"]
[SourceDate "2005.01.01"]
[SourceVersion "1"]
[SourceVersionDate "2005.01.01"]
[SourceQuality "1"]

1. e4 c5 2. Nf3 Nc6 3. Bb5 g6 4. 0-0 Bg7 5. Nc3 Nd4 6. Ba4 a6 7. Nxd4 cxd4 8. Ne2 b5 9. Bb3 Bb7 10. d3 e6 11. c3 dxc3 12. bxc3 Ne7 13. a4 bxa4 14. Bxa4 0-0 15. Rb1 Rb8 16. Be3 Bc6 17. Bxc6 Rxb1 18. Qxb1 Nxc6 19. f4 d5 20. e5 Qa8 21. Qa2 Rb8 22. Ra1 a5 23. Qa4 Qa6 24. Nd4 Ne7 25. c4 dxc4 26. dxc4 g5 27. fxg5 Bxe5 28. Rc1 Qd6 29. Nf3 Qd3 30. Re1 Bc3 31. Qd1 Qxc4 32. Qd6 Qb4 33. Bc5 Qb5 34. Qxe7 Bxe1 35. Nxe1 Qe2 36. Bf2 a4 37. h3 Qb2 38. Nf3 a3 39. Bd4 Qc1+ 40. Kf2 Qf4 41. Qxa3 Rc8 42. Qb3 h6 43. g6 Qf5 44. gxf7+ Qxf7 45. Be5 Qg6 46. Kg1 Qf5 47. Qb7 Rc1+ 48. Kh2 Qf7 49. Qb8+ Qf8 50. Qb6 Qf7 1-0

[Event "Santiago Esucomex op"]
[Site "Santiago de Chile"]
[Date "1998.??.??"]
[Round "6"]
[White "Vera Soto, Sergio Hernan"]
[Black "Silva Villalon, Rodolfo"]
[Result "1-0"]
[WhiteElo "2070"]
[BlackElo "2005"]
[PlyCount "49"]
[EventDate "1998.??.??"]
[EventType "swiss"]
[EventRounds "9"]
[EventCountry "CHI"]
[SourceTitle "EXT 1999"]
[Source "ChessBase"]
[SourceDate "1998.11.16"]
[SourceVersion "1"]
[SourceVersionDate "1998.11.16"]
[SourceQuality "1"]

1. d4 d5 2. Nf3 Bf5 3. c4 c6 4. Nc3 e6 5. Qb3 Qb6 6. c5 Qxb3 7. axb3 Na6 8. Nh4 Nb4 9. Kd2 Ne7 10. Nxf5 Nxf5 11. e3 e5 12. g4 exd4 13. gxf5 dxc3+ 14. bxc3 Na6 15. Bxa6 bxa6 16. b4 Be7 17. Rxa6 Kd7 18. Kd3 Bf6 19. Bd2 Kc7 20. Rha1 Kb7 21. f3 Rhe8 22. Be1 g6 23. b5 Rec8 24. bxc6+ Kc7 25. Bg3+ 1-0